| 000 | 01118cam a2200253 i 4500 | ||
|---|---|---|---|
| 003 | SA-RiAUC | ||
| 005 | 20260307133839.0 | ||
| 008 | 260220s1943 mr g 000 0 ara c | ||
| 040 |
_aSA-RiAUC _bara _cSA-RiAUC _erda |
||
| 082 | 0 | 4 | _a412 |
| 090 |
_aم ن 412 _bم و ل |
||
| 100 | 1 |
_aالمولى عبد الحفيظ، عبد الحفيظ بن الحسن بن محمد، _cسلطان المغرب، _d1280-1356 هجري _eمؤلف. |
|
| 245 | 1 | 2 |
_aالعذب السلسبيل في حل ألفاظ خليل / _cعبد الحفيظ بن حسن الأول. |
| 264 | 1 |
_aفاس، المغرب : _b[الناشر غير محدد]، _c1943 |
|
| 264 | 3 |
_a[مكان الطبع غير محدد] : _bمطبعة أحمد يمني |
|
| 300 |
_a118 صفحة ؛ _c29 سم |
||
| 336 |
_aنص _btxt _2rdacontent _3كتاب |
||
| 337 |
_aبدون وسيط _bn _2rdamedia |
||
| 338 |
_aمجلد _bnc _2rdacarrier |
||
| 650 | 7 |
_aاللغة العربية _xتعبيرات اصطلاحية _2aucsh |
|
| 650 | 7 |
_aاللغة العربية _xاشتقاق _2aucsh |
|
| 942 |
_2ddc _cRBOOK COPY _n0 |
||
| 949 |
_aSA-JeALM _d260220 _umohamedma123 _n1 |
||
| 999 |
_c14526 _d14526 |
||